Биржевые ведомости (Запись № 10629797)
[ простой вид ]
| 000 -МАРКЕР | |
|---|---|
| контрольное поле | 05412nas0a22006971 4500 |
| 001 - ИДЕНТИФИКАТОР ЗАПИСИ | |
| контрольное поле | RU\NLR\DRGNLR\250 |
| 005 - ИДЕНТИФИКАТОР ВЕРСИИ | |
| контрольное поле | 20080514183442.0 |
| 035 ## - ДРУГИЕ СИСТЕМНЫЕ НОМЕРА | |
| Идентификатор записи | (NLR Aleph) 010308821 |
| 100 ## - ДАННЫЕ ОБЩЕЙ ОБРАБОТКИ | |
| Данные общей обработки | 20260118 rusy50 |
| 101 0# - ЯЗЫК РЕСУРСА | |
| Язык текста, звукозаписи и т.д. | русский |
| 102 ## - СТРАНА ПУБЛИКАЦИИ ИЛИ ПРОИЗВОДСТВА | |
| Страна публикации | Российская Федерация |
| 110 ## - ПОЛЕ КОДИРОВАННЫХ ДАННЫХ: ПРОДОЛЖАЮЩИЕСЯ РЕСУРСЫ | |
| Кодированные данные продолжающегося ресурса | cya|||||||| |
| 200 1# - ЗАГЛАВИЕ И СВЕДЕНИЯ ОБ ОТВЕТСТВЕННОСТИ | |
| Основное заглавие | Биржевые ведомости |
| Сведения, относящиеся к заглавию | Ежедн. полит., обществ. и лит. газ. |
| Первые сведения об ответственности | Ред.-изд. П.М.Шкарин |
| 205 ## - СВЕДЕНИЯ ОБ ИЗДАНИИ | |
| Сведения об издании | 2-е изд. |
| 210 ## - ПУБЛИКАЦИЯ, РАСПРОСТРАНЕНИЕ И ДР. | |
| Место издания, распространения и т.д. | Пг |
| Дата издания, распространения и т.д. | 1893, 3 (15) нояб - 1917, 26 окт |
| Имя издателя, распространителя и т. д. | С.М.Проппер |
| 300 ## - ОБЩИЕ ПРИМЕЧАНИЯ | |
| Текст примечания | Выходит в 2 изд.: 1-е изд. (см. ) |
| 421 #0 - ПРИЛОЖЕНИЕ | |
| Встроенное поле | 001RU\NLR\DRGNLR\4655 |
| -- | 2001#$aСтраховой сборник$eОрган страх. дела в России. Беспл. прил. к 1-му и 2-му изд. "Биржевых ведомостей"$fЗа ред. М.М.Коншин |
| Системный номер (АБИС) связанной записи | 10644510 |
| Место публикации | СПб |
| Дата публикации | 1880, 14 июня - [?] |
| Первые сведения об ответственности | За ред. М.М.Коншин |
| Имя издателя, распространителя и т.д. | С.М.Проппер |
| Сведения, относящиеся к заглавию | Орган страх. дела в России. Беспл. прил. к 1-му и 2-му изд. "Биржевых ведомостей" |
| Заглавие | Страховой сборник |
| 421 #0 - ПРИЛОЖЕНИЕ | |
| Встроенное поле | 001RU\NLR\DRGNLR\1639 |
| -- | 2001#$aЗемледельческий листок$eОрган практ. сел. хоз-ва. Беспл. прил. к первому и второму изд. "Биржевых ведомостей"$fЗа ред. М.М.Коншин |
| Системный номер (АБИС) связанной записи | 10634466 |
| Место публикации | СПб |
| Дата публикации | 1894 - 1895 |
| Первые сведения об ответственности | За ред. М.М.Коншин |
| Имя издателя, распространителя и т.д. | С.М.Проппер |
| Сведения, относящиеся к заглавию | Орган практ. сел. хоз-ва. Беспл. прил. к первому и второму изд. "Биржевых ведомостей" |
| Заглавие | Земледельческий листок |
| 421 #0 - ПРИЛОЖЕНИЕ | |
| Встроенное поле | 2001#$aФабрично-промышленный вестник |
| -- | 210##$d1894 - 1895 |
| Заглавие | Фабрично-промышленный вестник |
| 421 #0 - ПРИЛОЖЕНИЕ | |
| Встроенное поле | 2001#$aБиржевые ведомости: [Лит. прил.] |
| -- | 210##$d1894 - 1896 |
| Заглавие | Биржевые ведомости: [Лит. прил.] |
| 421 #0 - ПРИЛОЖЕНИЕ | |
| Встроенное поле | 2001#$aБиржевые ведомости: Прибавление |
| -- | 210##$d1899 |
| Заглавие | Биржевые ведомости: Прибавление |
| 430 #0 - ПРОДОЛЖЕН | |
| Встроенное поле | 2001#$aИллюстрированные биржевые ведомости |
| Заглавие | Иллюстрированные биржевые ведомости |
| 540 1# - ДОПОЛНИТЕЛЬНОЕ ЗАГЛАВИЕ, ПРИМЕНЯЕМОЕ КАТАЛОГИЗАТОРОМ | |
| Заглавие | Биржевые ведомости |
| 702 #1 - ИМЯ ЛИЦА - ВТОРИЧНАЯ ОТВЕТСТВЕННОСТЬ | |
| Начальный элемент ввода | Шкарин |
| Часть имени, кроме начального элемента ввода | Пав. Мих. |
| Код отношения | Редактор |
| 702 #1 - ИМЯ ЛИЦА - ВТОРИЧНАЯ ОТВЕТСТВЕННОСТЬ | |
| Начальный элемент ввода | Проппер |
| Часть имени, кроме начального элемента ввода | С.М. |
| Расширение инициалов личного имени | Станислав Максимиллианович |
| Код отношения | Издатель |
| 801 #0 - ИСТОЧНИК ЗАПИСИ | |
| Страна | Российская Федерация |
| Организация | NLR |
| Дата составления | 20080514 |
| Правила каталогизации | PSBO |
| Источник данных | gzdor_isis |
| 801 #2 - ИСТОЧНИК ЗАПИСИ | |
| Страна | Российская Федерация |
| Организация | NLR |
| Дата составления | 20080514 |
| Правила каталогизации | PSBO |
| Источник данных | rusmarc |
| 852 ## - МЕСТОНАХОЖДЕНИЕ И ШИФР ХРАНЕНИЯ | |
| Идентификатор организации | NLR |
| Шифр хранения (Call Number) | 1-П/2-8-3 |
| 942 ## - ДОПОЛНИТЕЛЬНЫЕ ЭЛЕМЕНТЫ ЗАПИСИ (АБИС) | |
| Тип экземпляра АБИС | Газета |
| 980 ## - КОЛЛЕКЦИЯ | |
| Название коллекции | Национальная библиография |
Нет доступных экземпляров.